00386nam a2200145Ia 4500008004100000020001800041041000800059082001300067100001400080245007200094260001600166300002800182365001600210700001400226230718s9999 xx 000 0 und d a9788126527335 aeng a004bPOS aPoslad S. aUbiquitous Computing bSmart Devices, Environments And Interactions c2014bWiley a473dRef 1554 C (50656) cRs.b729.00 aPoslad S.